Law of contract. (Record no. 171183)
[ view plain ]
| 000 -LEADER | |
|---|---|
| fixed length control field | 00746cam8a220025300 4500 |
| 001 - CONTROL NUMBER | |
| control field | zam00003191 |
| 008 - FIXED-LENGTH DATA ELEMENTS--GENERAL INFORMATION | |
| fixed length control field | 951128s1981 xx eng u |
| 035 ## - SYSTEM CONTROL NUMBER | |
| System control number | (Sirsi) r20525 |
| 035 ## - SYSTEM CONTROL NUMBER | |
| System control number | (MACHINE)SLC. |
| 100 ## - MAIN ENTRY--PERSONAL NAME | |
| Personal name | Cheshire, G. |
| Linkage | A81916.1 |
| 245 10 - TITLE STATEMENT | |
| Title | Law of contract. |
| 260 ## - PUBLICATION, DISTRIBUTION, ETC. | |
| Date of publication, distribution, etc. | 1981. |
| 591 ## - | |
| -- | Class code: L 220. |
| 591 ## - | |
| -- | Course: The law of contract. |
| 591 ## - | |
| -- | School: S06. |
| 591 ## - | |
| -- | Lecturer: Mr. RYEN, J. |
| 591 ## - | |
| -- | Number of Students: 34. |
| 949 ## - LOCAL PROCESSING INFORMATION (OCLC) | |
| a | KD130 |
| w | lcc |
| i | -19271 |
| m | MAIN |
| t | BOOK |
| l | ON-SHELF |
| 949 ## - LOCAL PROCESSING INFORMATION (OCLC) | |
| a | KD130 |
| w | lcc |
| i | -19272 |
| m | MAIN |
| t | BOOK |
| l | ON-SHELF |
| 949 ## - LOCAL PROCESSING INFORMATION (OCLC) | |
| a | KD130 |
| w | lcc |
| i | -19273 |
| m | MAIN |
| t | BOOK |
| l | ON-SHELF |
| 900 ## - EQUIVALENCE OR CROSS-REFERENCE-PERSONAL NAME [LOCAL, CANADA] | |
| -- | MAIN |
| Field link and sequence number | KD130 |
| -- | CHE |
| Titles and other words associated with a name | 3 |
| 909 ## - | |
| -- | Book |
No items available.